| 000 | 00715nam a22002177a 4500 | ||
|---|---|---|---|
| 003 | OSt | ||
| 005 | 20260601171015.0 | ||
| 008 | 260507b1982\\\\mx\\||||\||||\00|\0\spa\d | ||
| 040 |
_aICI _bspa _cICI |
||
| 050 |
_aQ158.5 _bP42 |
||
| 100 |
_aPecujlic, Miroslav, _eautor _933873 |
||
| 245 | 1 |
_aLa transformacion del mundo / _cEdicion preparada por miroslav pecujlic, anovar abdelmalek, gregory blue ; traduccion de Alejandra licona y galdi |
|
| 260 |
_aMéxico : _bSiglo XXI, _c1982-9999 |
||
| 300 |
_avolúmenes _c21cm. |
||
| 505 | _aContenido: | ||
| 650 | 4 |
_aCiencia _914431 |
|
| 650 | 4 |
_aTecnología _918120 |
|
| 700 |
_aBlue, Gregory _933874 |
||
| 700 | 1 |
_aAbdel-Malek, Anouar, _d1924- _933875 |
|
| 942 |
_2lcc _cB _n0 |
||
| 999 |
_c20674 _d20674 |
||